000 01024nam a22002297a 4500
999 _c20882
_d20882
003 AR-CdUCM
008 190607b ||||| |||| 00| 0 spa d
040 _aMUNICIPALIDAD PROVINCIAL DEL CUSCO
_cBIBLIOTECA MUNICIPAL DEL CUSCO
082 _a306 /
_bAC19
110 _aACNUR - Alto Comisionado de las Naciones Unidas para los Refugiados
_943582
245 _aEl ACNUR en el decenio de 1970 /
260 _aGinebra :
_c1980.
300 _a88 páginas,
_bFotografías a b/n,
_c29 cm.
505 _aContenido: El ACNUR en el decenio de 1970 - Una tarea ingente -- Los refugiados de Bangala Oriental en la India (1971-1972) -- Asentamientos rurales en Rwanda, Tanzania y el Zaire -- Los desaventajados -- Los refugiados de Chile -- Estudiantes refugiados en el África meridional...
650 _aACNUR
_943583
650 _aEstudiantes refugiados
_943584
650 _aTanzania
_943585
650 _aEl Zaire
_943586
650 _aLos refugiados
_943587
942 _2ddc
_cLIBROS
945 _aAndy